| 000 | 00984nam a22002775a 4500 | ||
|---|---|---|---|
| 005 | 20160314132027.0 | ||
| 008 | 150629s2008 ii a frb 001 0 eng d | ||
| 020 | _a9788184482591 | ||
| 020 | _a8184482590 | ||
| 040 |
_aEG-ScBUE _beng _dEG-ScBUE _dEG-ScBUE |
||
| 082 | 0 | 4 |
_a612.015 _bSHA _222 |
| 100 | 1 |
_aShankara, Shivaraja. _938991 |
|
| 245 | 1 | 0 |
_aLaboratory manual for practical biochemistry / _cShivara shankara ; co-authors Ganesh M. K., Hemavathi A. |
| 250 | _a1st ed. | ||
| 260 |
_aNew Delhi : _bJaypee Brothers Medical Publishers (p) LTD, _c2008. |
||
| 300 |
_axii, 132 p. : _bill. ; _c24 cm. |
||
| 500 | _aIndex : p. [131]-132. | ||
| 504 | _aIncludes bibliographical references. | ||
| 650 | 0 |
_aBiochemistry _vHandbooks, manuals, etc. _2BUEsh |
|
| 650 | 0 |
_aClinical biochemistry _vHandbooks, manuals, etc. _2BUEsh |
|
| 651 | _2BUEsh | ||
| 653 |
_bPPhrm _cMarch2016 |
||
| 700 | 1 |
_aM. K., Ganesh, _econtributor. |
|
| 700 | 1 |
_aA., Hemavathi, _econtributor. |
|
| 942 | _2ddc | ||
| 999 |
_c21402 _d21374 |
||